000 01498nam a2200301 i 4500
005 20211118153712.0
008 210224t20192019-usa|||b |||| 00| 0 eng d
020 _a9781568463322
_cRM89.50
_qhardback
040 _aPPAK
_beng
_cPPAK
_erda
082 0 4 _223
_a811.54
090 0 0 _a811.54
_bLEW
_dK
100 1 _aLewis, J. Patrick,
_eauthor.
245 1 0 _aI Am Polar Bear /
_cJ. Patrick Lewis ; illustrated by Miriam Nerlove ; edited by Kate Riggs and Amy Novesky
250 _aFirst edition
264 1 _aMankato, MN :
_bCreative Editions,
_c2019
264 4 _c©2019
300 _a[32] pages :
_bcolour maps, colour photographs ;
_c26 cm
336 _atext
_2rdacontent
337 _aunmediated
_2rdamedia
338 _avolume
_2rdacarrier
520 _aThe polar bear is known by many names in different languages—White Bear, Ice Bear, Sea Bear. It is Sailor of the Icebergs, Whale's Curse, Seal's Dread. It is the animal deserving of great respect, the Ever-wandering One, the Master of Helping Spirits, Grandfather, or God's Dog. Whatever its name, what is certain is that this majestic, Arctic animal is threatened by extinction and in need of human protection before it disappears from our world forever.
650 1 0 _aPolar bear
_xArctic regions
_vPoetry
650 2 0 _aPolar bear
_xEffect of global warming on
_xArctic regions
_vPoetry
700 1 _aNerlove, Miriam,
_eillustrator.
700 1 _aRiggs, Kate,
_eeditor.
700 1 _aNovesky, Amy,
_eeditor.
942 _2ddc
_cB
999 _c182243
_d182243